00915nam a2200265 u 450000100070000000500170000700800410002403500110006504000130007604100080008908200080009710000380010524500610014326000430020430000130024765000250026065000450028565000310033065000270036165000260038865000300041465000230044465100200046778701620048736235220260506082850.0990406s1998 ||||||m| spa  a362352 ccomduadb aspa 4a62110aJaramillo Torres, Dario4auteaut10amanual de procedimientos municipio de Santa Rosa de Osos aMedellín :b[sin publicador],c1998. a81 hojas aAntioquia (Colombia) aSanta Rosa de Osos (Antioquia, Colombia) aAdministración municipal 7aControl interno2embne aMejoramiento continuo aProcedimientos de trabajo 7aAuditoria fiscal2 7aColombia2embne08iTítulo del grado otorgadotTesis (Ingeniero Industrial) Universidad de Antioquia. Facultad de Ingeniería. Departamento de Ingeniería Industrial.w92361